Т. 4: Техническое нормирование во вспомогательных цехах; Справочник нормировщика-машиностроителя

Bibliografiske detaljer
Parent link:Справочник нормировщика-машиностроителя: в 4 т./ под ред. А. Д. Гальцова и др.. Т. 4: Техническое нормирование во вспомогательных цехах.— , 1959-1962
Andre forfattere: Абрам П. Я. (редактор), Александрова Г. И., Вольский В. С., Гордон Х. И., Климович А. И., Лифшиц В. А., Федотов Ф. Г.
Sprog:russisk
Udgivet: 1962
Fag:
Format: MixedMaterials Bog
KOHA link:https://koha.lib.tpu.ru/cgi-bin/koha/opac-detail.pl?biblionumber=50390

MARC

LEADER 00000nam2a2200000 4500
001 50390
005 20231101211237.0
035 |a (RuTPU)RU\TPU\book\52770 
035 |a RU\TPU\book\52766 
090 |a 50390 
100 |a 20030415d1962 km y0rusy50 ca 
101 0 |a rus 
102 |a RU 
105 |a a g 000zy 
200 0 |a Т. 4: Техническое нормирование во вспомогательных цехах  |f П. Я. Абрам [и др.]  |g под ред. В. С. Вольского 
210 |d 1962 
215 |a 479 с.  |c ил. 
461 1 |0 (RuTPU)RU\TPU\book\52758  |t Справочник нормировщика-машиностроителя  |o в 4 т.  |f под ред. А. Д. Гальцова и др.  |v Т. 4: Техническое нормирование во вспомогательных цехах  |d 1959-1962 
606 1 |a Машиностроение  |x Нормативы  |2 stltpush  |3 (RuTPU)RU\TPU\subj\41492  |9 61282 
610 1 |a техническое нормирование 
610 1 |a справочники 
610 1 |a нормы 
610 1 |a токарные работы 
610 1 |a фрезерные работы 
610 1 |a техническое нормирование 
610 1 |a вспомогательные цеха 
610 1 |a сверлильные работы 
610 1 |a строгальные работы 
610 1 |a типовые нормы времени 
610 1 |a слесарная обработка 
610 1 |a инструменты 
610 1 |a станочные приспособления 
610 1 |a пресс-формы 
610 1 |a изготовление 
610 1 |a штампы 
610 1 |a металлорежущее оборудование 
610 1 |a ремонт 
610 1 |a деревянные модели 
610 1 |a единые нормы выработки 
610 1 |a единые нормы времени 
675 |a 621.002:658.53(035)  |v 3 
701 1 |a Абрам  |b П. Я. 
701 1 |a Александрова  |b Г. И. 
701 1 |a Вольский  |b В. С. 
701 1 |a Гордон  |b Х. И. 
701 1 |a Климович  |b А. И. 
701 1 |a Лифшиц  |b В. А. 
701 1 |a Федотов  |b Ф. Г. 
702 1 |a Вольский  |b В. С.  |4 340 
801 1 |a RU  |b 63413507  |c 20030415  |g PSBO 
801 2 |a RU  |b 63413507  |c 20201204  |g PSBO 
942 |c BK